01008cam a22002651 450000100060000000300080000600500170001400800410003103500200007203500180009204000390011004100130014908200260016210000370018824501060022526000710033130000260040249000640042850000400049250000590053250400400059165000360063170000460066770000290071324302BD-RjUL20211209001031.0140313r19511939enk 001 0 eng d a(BD-RjUL) 24368 a(OCoLC)300029 aDLCcOCHdOCoLCdDLCdBD-RjULbeng1 aenghfre00220a 221.6 bGUJ 19511 aGuignebert, Charles,d1867-1939.14aThe Jewish world in the time of Jesus /cby Ch. Guignebert. Translated from the French by S.H. Hooke. aLondon :bK. Paul, Trench, Trubner & Co.,c1939. [Imrpission 1951] axiv, 288 p. ;c25 cm.0 aThe history of civilization. [The early empires and Greece] aForeword (p.vii-xiv) by Henri Berr. aTranslation of Le monde juif vers le temps de Jésus. aBibliography: p. 263-277. and Index 0aJewsxHistoryy586 B.C.-70 A.D.1 aHooke, S. H.q(Samuel Henry),d1874-1968.1 aBerr, Henri,d1863-1954.